书目信息 |
| 题名: |
二氧化锗复合耐火材料
|
|
| 作者: | 王诚训 编著 | |
| 分册: | ||
| 出版信息: | 北京 冶金工业出版社 1997.10 |
|
| 页数: | 216页 | |
| 开本: | 32开 | |
| 丛书名: | ||
| 单 册: | ||
| 中图分类: | TQ175.79 | |
| 科图分类: | ||
| 主题词: | 耐火材料--化学工业 | |
| 电子资源: | ||
| ISBN: | 7-5024-2098-3 | |
| 000 | 00591nam0 2200193 45 | |
| 001 | 0010261094 | |
| 005 | 20001026105221.9 | |
| 010 | @a7-5024-2098-3@d12.00元 | |
| 100 | @a20001026d1997 km y0chiy0120 ea | |
| 101 | 0 | @achi |
| 105 | @a z 000yy | |
| 200 | 1 | @a二氧化锗复合耐火材料@AEr Yang Hua Zhe Fu He Nai Huo Cai Liao@f王诚训等编著@FWang Cheng Xun Deng Bian Zhu |
| 210 | @a北京@c冶金工业出版社@d1997.10 | |
| 215 | @a216页@d32开 | |
| 606 | 0 | @a耐火材料@x化学工业 |
| 690 | @aTQ175.79@v3 | |
| 701 | 0 | @a王诚训@4编著 |
| 801 | @aCN@bPftUser@c20001026 | |
| 905 | @b190109-110@dTQ175.79@eW883@f2 | |
| 二氧化锗复合耐火材料/王诚训等编著.-北京:冶金工业出版社,1997.10 |
| 216页;32开 |
| ISBN 7-5024-2098-3:12.00元 |
| ● |
| 相关链接 |
|
|
|
正题名:二氧化锗复合耐火材料
索取号:TQ175.79/W883
 
预约/预借
| 序号 | 登录号 | 条形码 | 馆藏地/架位号 | 状态 | 备注 |
| 1 | 190109 | 201901095 | 材料与化工学院资料室/ [索取号:TQ175.79/W883] | 在馆 | |
| 2 | 190110 | 201901102 | 自科库501/501自科库 140排1列5层/ [索取号:TQ175.79/W883] | 在馆 |